| 000 | 00000nam##2200000za#4500 |
| 001 | 9.696497 |
| 003 | CaOODSP |
| 005 | 20250327153138 |
| 007 | cr ||||||||||| |
| 008 | 150407|2002||||xxc|||||o f|0| 0 eng|d |
| 040 | |aCaOODSP|beng |
| 043 | |an-cn--- |
| 086 | 1 |aH35-4/20-2002E-PDF |
| 110 | 1 |aCanada. |bHealth Canada. |
| 245 | 10|aAboriginal Diabetes Initiative - evaluation framework |h[electronic resource] |
| 260 | |aOttawa - Ontario : |bHealth Canada |cFebruary 2002. |
| 300 | |a36p.|bfigs., graphs, table |
| 500 | |aThe catalogue number (H35-4/20-2002) and ISBN (0-662-66385-3) for the print edition have been incorrectly copied in this electronic publication. |
| 590 | |a12-35-Supp|b2012-08-09 |
| 690 | 07|aIndigenous peoples|2gcpds |
| 690 | 07|aDiabetes|2gcpds |
| 690 | 07|aProgram assessment|2gcpds |
| 775 | 08|tInitiative sur le diabète chez les Autochtones - cadre d'évaluation |w(CaOODSP)9.640611 |
| 775 | 08|t[Aboriginal Diabetes Initiative - evaluation framework] |w(CaOODSP)9.675815 |
| 776 | 0#|tAboriginal Diabetes Initiative evaluation framework |w(CaOODSP)9.663539 |
| 776 | 0#|tInitiative sur le diabète chez les Autochtones: cadre d'évaluation |w(CaOODSP)9.663540 |
| 856 | 40|ahttp://publications.gc.ca|qPDF|s133 KB |uhttps://publications.gc.ca/collections/Collection/H35-4-20-2002E.pdf |